000
00285nam a22001337a 4500
003
SGT
020
_a
8170940664
082
_a
070
_b
B90B
100
_a
BHUSHAN, PRASHANT
245
_a
BEFORS: THE SELLING OF A NATION
260
_b
VISION BOOKS
_c
1990
300
_a
275
942
_2
ddc
_c
BK
999
_c
28886
_d
28886